书目信息 |
| 题名: |
破解英语典型错误
|
|
| 作者: | 张迪 , 张鹏 主编 | |
| 分册: | ||
| 出版信息: | 北京 国防工业出版社 2006.02 |
|
| 页数: | 461页 | |
| 开本: | 20cm | |
| 丛书名: | ||
| 单 册: | ||
| 中图分类: | H31 | |
| 科图分类: | ||
| 主题词: | 英语--ying yu--错误--研究 | |
| 电子资源: | ||
| ISBN: | 7-118-04317-6 | |
| 000 | 00744nam0 2200229 450 | |
| 001 | 012006921681 | |
| 005 | 20060701090217.57 | |
| 010 | @a7-118-04317-6@dCNY24.00 | |
| 100 | @a20060514d2006 km y0chiy0120 ea | |
| 101 | 0 | @achi@aeng |
| 102 | @aCN@b110000 | |
| 105 | @ay z 000yy | |
| 200 | 1 | @a破解英语典型错误@Apo jie ying yu dian xing cuo wu@f张迪, 张鹏主编@Fzhang di,zhang peng zhu bian |
| 210 | @a北京@c国防工业出版社@d2006.02 | |
| 215 | @a461页@d20cm | |
| 330 | @a书为了结合我国英语教学实际,破解英语阅读理解教你四个技巧,提高学习英语的效率。 | |
| 606 | 0 | @a英语@Aying yu@x错误@x研究 |
| 690 | @aH31@v4 | |
| 701 | 0 | @a张迪@Azhang di@4主编 |
| 701 | 0 | @a张鹏@Azhang peng@4主编 |
| 801 | 0 | @aCN@bQSSK@c20060701 |
| 905 | @a10447@dH31@eZ093 | |
| 破解英语典型错误/张迪, 张鹏主编.-北京:国防工业出版社,2006.02 |
| 461页;20cm |
| ISBN 7-118-04317-6:CNY24.00 |
| 书为了结合我国英语教学实际,破解英语阅读理解教你四个技巧,提高学习英语的效率。 |
| ● |
| 相关链接 |
|
|
|
正题名:破解英语典型错误
索取号:H31/Z093
 
预约/预借
| 序号 | 登录号 | 条形码 | 馆藏地/架位号 | 状态 | 备注 |
| 1 | 580832 | 205808321 | 语言库209/209语言库 90排1列6层/ [索取号:H31/Z093] | 在馆 | |
| 2 | 580833 | 205808330 | 语言库209/209语言库 90排1列6层/ [索取号:H31/Z093] | 在馆 | |
| 3 | 580834 | 205808349 | 语言库209/209语言库 90排1列6层/ [索取号:H31/Z093] | 在馆 |